01529cam a2200301 a 450000500170000000800410001702000150005804100080007309200200008111000440010124502660014525000110041126000540042230000110047650003240048765300160081170000350082770000310086270000290089370000360092270000260095870000280098470000310101293000090104394200120105299900130106495201500107720240618133051.0100318s1999||||sp ||||| |||| 00| 0 spa d a8479034904 aspa c616.89l48sLIB1 aOrganizacion Mundial de la Salud.91007 aLibro de casos de la CIE-10.bLas diversas caras de los Trastornos Mentales. Historias clínicas de casos y de trastornos mentales y del comportamiento, en personas adultas, comentados según las descripciones de la CIE-10 /cOrganizacion Mundial de la Salud. a1a ed. aMadrid: bEditorial Médica Panamericana;c1999. a274 p. aOrganización Mundial de la Salud. (1999). Libro de casos de la CIE-10. Las diversas caras de los trastornos mentales. Historias clñinics de casos y de trastornos mentales y del comportamiento, en personas adultas, comentados según las descripciones de la CIE-10. (1a ed.). Madrid : Editorial Médica Panamericana aPsiquiatria1 aÜstèun, T. B, eDir.910081 aBertelsen, A, eDir.910091 aDilling, H, eDir.910101 aDrimmelen, J. Van, eDir.910111 aPull, C, eDir.910121 aOkaska, A, eDir.910131 aSartorius, N, eDir.91014 a1193 2ddccBK c526d526 00102ddc4070aBFMbBFMcREFd2011-05-13l2m8o616.89 48 LIBp1193q2029-03-01r2014-11-06s2012-04-03tej.1w2011-05-13yBKzLIBRO DE CATEDRA